[Event "Nationale Pupillendag 2014"]
[Site "Roosendaal"]
[Date "2014.06.21"]
[Round "1.1"]
[White "Garceran Wang, Cat F01: Miguel Ang"]
[Black "Patwardhan, Aadi"]
[Result "1-0"]
[WhiteElo "1168"]
[BlackElo "516"]
[PlyCount "51"]
[EventDate "2014.??.??"]
[WhiteClock "0:12:07"]
[BlackClock "0:13:19"]

1. d4 d5 2. Nc3 Nf6 3. Bg5 c6 4. f3 g6 5. e4 e6 6. e5 Nbd7 7. exf6 Nxf6 8. Qd2
Bg7 9. O-O-O O-O 10. h4 Qe7 11. Bd3 h6 12. Bxh6 Bxh6 13. Qxh6 e5 14. Re1 e4 15.
Qg5 Qd6 16. fxe4 dxe4 17. Nxe4 Nxe4 18. Bxe4 Qxd4 19. Nf3 Qc4 20. Kb1 Be6 21.
b3 Qa6 22. h5 Qb5 23. Qh6 c5 24. Ng5 Rfc8 25. hxg6 c4 26. Qh8# 1-0

[Event "Nationale Pupillendag 2014"]
[Site "Roosendaal"]
[Date "2014.06.21"]
[Round "1.2"]
[White "Vervoort, Cat F02: Lucas"]
[Black "Kutchoukov, Daniel"]
[Result "0-1"]
[WhiteElo "480"]
[BlackElo "1152"]
[PlyCount "86"]
[EventDate "2014.??.??"]
[WhiteClock "0:09:55"]
[BlackClock "0:09:05"]

1. e4 c6 2. d4 d5 3. exd5 cxd5 4. Nf3 Bg4 5. Nc3 Nf6 6. Bb5+ Nc6 7. Bxc6+ bxc6
8. O-O e6 9. Bf4 Bd6 10. Bxd6 Qxd6 11. h3 Bh5 12. b3 Ne4 13. Qd3 Qf4 14. Ne2
Qd6 15. c4 Bg6 16. cxd5 Ng3 17. Qa6 Nxf1 18. Kxf1 exd5 19. Qb7 O-O 20. Rc1 Rfc8
21. Ne5 Rcb8 22. Qa6 Rb6 23. Qd3 Bxd3 24. Nxd3 Qg6 25. Ne5 Qe6 26. Nf4 Qf5 27.
Ne2 f6 28. Nf3 Qd3 29. Ne1 Qb5 30. g3 Re8 31. Rc2 Rb7 32. Kg1 Rxe2 33. Rxe2
Qxe2 34. Ng2 Qd1+ 35. Kh2 Qf1 36. h4 Qxf2 37. Kh3 f5 38. Kh2 Re7 39. Kh3 Re2
40. h5 Qxg2+ 41. Kh4 Re4+ 42. Kg5 Qxg3+ 43. Kxf5 Qf4# 0-1

[Event "Nationale Pupillendag 2014"]
[Site "Roosendaal"]
[Date "2014.06.21"]
[Round "1.3"]
[White "Pham, Cat F03: Khoi"]
[Black "Broeders, Thijs"]
[Result "1-0"]
[WhiteElo "1054"]
[BlackElo "464"]
[PlyCount "45"]
[EventDate "2014.??.??"]
[WhiteClock "0:16:09"]
[BlackClock "0:12:35"]

1. e4 e5 2. Nc3 Nc6 3. f4 Nf6 4. Nf3 exf4 5. d4 Bb4 6. Bxf4 Bxc3+ 7. bxc3 O-O
8. e5 Ne4 9. Qd3 Nf6 10. exf6 Qe8+ 11. Be2 g6 12. O-O d6 13. Bh6 Bf5 14. Qd2
Bg4 15. Bxf8 Qxf8 16. d5 Bxf3 17. Rxf3 Ne5 18. Rh3 Nd7 19. Rf1 a6 20. Rf4 Nc5
21. Rfh4 Qe8 22. Rxh7 Ne4 23. Rh8# 1-0

[Event "Nationale Pupillendag 2014"]
[Site "Roosendaal"]
[Date "2014.06.21"]
[Round "1.4"]
[White "Mellegers, Cat F04: Luuk"]
[Black "Van Steenoven, Luuk"]
[Result "0-1"]
[WhiteElo "463"]
[BlackElo "1037"]
[PlyCount "55"]
[EventDate "2014.??.??"]
[WhiteClock "0:11:16"]
[BlackClock "0:07:15"]

1. d4 d5 2. c4 c6 3. Nc3 e6 4. e3 Nf6 5. Nf3 Be7 6. Bd3 O-O 7. O-O b6 8. Qc2
Ba6 9. Ne5 Bd6 10. c5 bxc5 11. Bxa6 Nxa6 12. Nxc6 Qc7 13. Qa4 Bxh2+ 14. Kh1
cxd4 15. exd4 Nb8 16. Nxb8 Qxb8 17. g3 Bxg3 18. fxg3 Qxg3 19. Rd1 Ng4 20. Qc2
Nf2+ 21. Qxf2 Qxf2 22. Rd2 Qf3+ 23. Kg1 h5 24. Rg2 Kh7 25. Rf2 Qg3+ 26. Rg2
Qe1+ 27. Kh2 f6 28. Rg1 0-1

[Event "Nationale Pupillendag 2014"]
[Site "Roosendaal"]
[Date "2014.06.21"]
[Round "1.5"]
[White "Beukema, Cat F05: Constantij"]
[Black "Sparreboom, Jelger"]
[Result "1-0"]
[WhiteElo "922"]
[BlackElo "439"]
[PlyCount "98"]
[EventDate "2014.??.??"]
[WhiteClock "0:10:40"]
[BlackClock "0:08:30"]

1. e4 e5 2. Nf3 Nc6 3. d4 exd4 4. Nxd4 Bc5 5. Be3 Nf6 6. Nxc6 dxc6 7. Qxd8+
Kxd8 8. Bxc5 Nxe4 9. Bd4 Bf5 10. Bd3 Nd6 11. O-O Bxd3 12. cxd3 Nf5 13. Bc3 Re8
14. Nd2 Ke7 15. Rfe1+ Kf8 16. Rxe8+ Rxe8 17. Nb3 Nd6 18. Re1 Rd8 19. Bb4 c5 20.
Bxc5 b6 21. Ba3 h6 22. d4 Kg8 23. Bxd6 Rxd6 24. Rc1 c5 25. dxc5 bxc5 26. Nxc5
Rd2 27. Na4 f5 28. g3 a5 29. Kg2 Rd4 30. Nc3 Rg4 31. h3 Rd4 32. b3 g5 33. Nb5
Rd2 34. a4 Rb2 35. Rc3 f4 36. g4 Rd2 37. b4 axb4 38. Rb3 Rd8 39. Rxb4 Rd3 40.
Rd4 Rb3 41. Nc7 f3+ 42. Kg3 Kf7 43. a5 Rb7 44. Rd7+ Kf6 45. Ne8+ Ke6 46. Rxb7 {
Kd6 a6+ [%clk 0:11:44] Kc6 Nc7 [%clk 0:11:14]} h5 {Nb5 [%clk 0:11:04]} 47. h4 {
Kxf3 [%clk 0:11:03] Kc5 [%clk 0:08:55] a7 [%clk 0:10:57] Kc6 [%clk 0:08:46]
a8=Q [%clk 0:10:50]} Kd5 48. Rg7 Kc5 49. Rxg5+ {Kb6 [%clk 0:08:33] Qa7+ [%clk
0:10:17]} Kc6 {Qc7#} 1-0

[Event "Nationale Pupillendag 2014"]
[Site "Roosendaal"]
[Date "2014.06.21"]
[Round "1.6"]
[White "Van der Noordaa, Cat F06: Niek"]
[Black "Reina, Leon"]
[Result "0-1"]
[WhiteElo "428"]
[BlackElo "888"]
[PlyCount "52"]
[EventDate "2014.??.??"]
[WhiteClock "0:17:07"]
[BlackClock "0:15:50"]

1. e4 e5 2. Bc4 Nf6 3. Nc3 Nc6 4. Nf3 Bb4 5. a3 Bxc3 6. dxc3 O-O 7. Bg5 h6 8.
Bh4 g5 9. Bg3 Nxe4 10. O-O Nxg3 11. fxg3 Qe7 12. Qe2 Qc5+ 13. Kh1 d6 14. b3 Bg4
15. Qe4 Bxf3 16. Rxf3 Rad8 17. Bd3 f5 18. Rxf5 d5 19. Qf3 e4 20. Bxe4 dxe4 21.
Qxe4 Qxf5 22. Qc4+ Kh8 23. h4 gxh4 24. gxh4 Qh5 25. g3 Rd1+ 26. Rxd1 Qxd1+ 0-1

[Event "Nationale Pupillendag 2014"]
[Site "Roosendaal"]
[Date "2014.06.21"]
[Round "1.7"]
[White "Van Foreest, Cat F07: Tristan"]
[Black "Van Wijk, Justin"]
[Result "1-0"]
[WhiteElo "866"]
[BlackElo "415"]
[PlyCount "87"]
[EventDate "2014.??.??"]
[WhiteClock "0:18:34"]
[BlackClock "0:16:02"]

1. e4 d5 2. Nf3 Nc6 3. Nc3 Nf6 4. exd5 Nxd5 5. d3 e6 6. Bg5 Be7 7. Nxd5 exd5 8.
Qe2 Bg4 9. h3 O-O 10. hxg4 h6 11. Bxe7 Qxe7 12. Qxe7 Nxe7 13. O-O-O Rfe8 14.
Re1 Rad8 15. Ne5 f6 16. Nf3 Kh8 17. d4 a6 18. g5 fxg5 19. Nxg5 Rd6 20. Nf7+ Kg8
21. Nxd6 Kf8 22. Nxe8 Kxe8 23. Bd3 Kf8 24. Be2 Kg8 25. Ref1 Kh8 26. f3 Nf5 27.
f4 Nxd4 28. c3 Nxe2+ 29. Kd1 Ng3 30. f5 Nxf1 31. Rxf1 Kg8 32. Kd2 Kf8 33. Kd3
Ke7 34. Kd4 Kd6 35. f6 Ke6 36. f7 Kd6 37. f8=Q+ Kc6 38. c4 dxc4 39. Kxc4 b5+
40. Kb4 Kb6 41. Qxg7 a5+ 42. Kc3 b4+ 43. Kc4 c5 44. Rf6# 1-0

[Event "Nationale Pupillendag 2014"]
[Site "Roosendaal"]
[Date "2014.06.21"]
[Round "1.8"]
[White "Tiggelman, Cat F08: Vincent"]
[Black "Van Cleef, Matteo"]
[Result "0-1"]
[WhiteElo "409"]
[BlackElo "862"]
[PlyCount "88"]
[EventDate "2014.??.??"]
[WhiteClock "0:02:42"]
[BlackClock "0:12:27"]

1. e4 c5 2. Bc4 Nc6 3. Nc3 g6 4. Nf3 Bg7 5. d3 e6 6. Bg5 Nge7 7. O-O O-O 8.
Bxe7 Qxe7 9. Bb5 a6 10. Bxc6 bxc6 11. Qd2 d5 12. exd5 cxd5 13. a3 Qb7 14. Rab1
Bd7 15. b4 cxb4 16. axb4 Rfc8 17. Ne2 Rc7 18. Ned4 Qb6 19. c3 Rac8 20. Rfc1 e5
21. Ne2 a5 22. bxa5 Qxa5 23. Ra1 Qc5 24. h3 e4 25. dxe4 dxe4 26. Nh4 Qh5 27.
Qf4 Bh6 28. Qxe4 Bxc1 29. Rxc1 Re8 30. Qb4 Rcc8 31. Ng3 Qg5 32. Qb1 Qxh4 33. c4
Bxh3 34. gxh3 Qxh3 35. Nf1 Qg4+ 36. Ng3 Rxc4 37. Kg2 Rf4 38. Qb3 Rf8 39. Rc3 h5
40. f3 Qg5 41. Kf2 h4 42. Nf1 h3 43. Rc6 Re8 44. Qd1 Qg2# 0-1

[Event "Nationale Pupillendag 2014"]
[Site "Roosendaal"]
[Date "2014.06.21"]
[Round "1.9"]
[White "Valstar, Cat F09: Boaz"]
[Black "Van der Noordaa, Joost"]
[Result "1-0"]
[WhiteElo "813"]
[BlackElo "375"]
[PlyCount "81"]
[EventDate "2014.??.??"]
[WhiteClock "0:14:57"]
[BlackClock "0:16:08"]

1. e4 d6 2. Nf3 Nf6 3. Nc3 g6 4. d4 Bg7 5. Bd3 O-O 6. O-O Nbd7 7. e5 dxe5 8.
dxe5 Ng4 9. Re1 Ndxe5 10. h3 Nf6 11. Nxe5 Ne8 12. Nf3 Bxc3 13. bxc3 Nf6 14. Bg5
e6 15. Bxf6 Qxf6 16. Ne5 Rd8 17. Qf3 Qxf3 18. Nxf3 b6 19. Be4 Rb8 20. Red1 Ba6
21. Rxd8+ Rxd8 22. Re1 f5 23. Bc6 Rd6 24. Ba4 b5 25. Bb3 c5 26. Bxe6+ Kg7 27.
Ng5 h6 28. Nf7 Kf6 29. Nxd6 g5 30. Nxf5 b4 31. cxb4 cxb4 32. Bb3 Kxf5 33. Re6
Bc8 34. Rxh6 g4 35. hxg4+ Kxg4 36. Be6+ Bxe6 37. Rxe6 Kf5 38. Ra6 b3 39. axb3
Ke4 40. Rxa7 Kd4 41. Ra5 1-0

[Event "Nationale Pupillendag 2014"]
[Site "Roosendaal"]
[Date "2014.06.21"]
[Round "1.10"]
[White "Van der Hagen, Cat F10: Janneke"]
[Black "Schouwenaars, Hein"]
[Result "0-1"]
[WhiteElo "357"]
[BlackElo "749"]
[PlyCount "120"]
[EventDate "2014.??.??"]
[WhiteClock "0:12:38"]
[BlackClock "0:10:15"]

1. e4 e5 2. Nf3 Nc6 3. Bc4 Bc5 4. c3 Nf6 5. d4 exd4 6. cxd4 Bb4+ 7. Bd2 Nxe4 8.
Bxb4 Nxb4 9. Qb3 Qe7 10. O-O Nc6 11. Re1 O-O 12. Nc3 Nd2 13. Qc2 Nxf3+ 14. gxf3
Qg5+ 15. Kf1 Nxd4 16. Qe4 Qf6 17. Red1 Nxf3 18. Bd3 Ng5 19. f4 g6 20. Nd5 Nxe4
21. Nxf6+ Nxf6 22. f5 Ng4 23. Re1 Nxh2+ 24. Kg1 Nf3+ 25. Kf1 Nxe1 26. Kxe1 Re8+
27. Kd1 d6 28. fxg6 fxg6 29. Bc4+ Kh8 30. Kc2 Bf5+ 31. Kb3 Be6 32. Rc1 Bxc4+
33. Rxc4 Re3+ 34. Ka4 c6 35. Ka5 Re5+ 36. Kb4 Rb5+ 37. Kc3 Rc5 38. Kd3 Rxc4 39.
Kxc4 Re8 40. Kc3 Re4 41. Kd3 Re5 42. Kc2 Kg7 43. b4 Kf6 44. a4 Kf5 45. b5 cxb5
46. axb5 Rd5 47. Kc3 Rxb5 48. Kc4 Re5 49. Kd4 h5 50. Kd3 Re4 51. Kd2 Kf4 52.
Kd3 h4 53. Kc3 h3 54. Kb3 Rd4 55. Kc3 Ke4 56. Kc2 Rd3 57. Kc1 Ke3 58. Kc2 h2
59. Kc1 Rd2 60. Kb1 h1=Q# 0-1

[Event "Nationale Pupillendag 2014"]
[Site "Roosendaal"]
[Date "2014.06.21"]
[Round "1.11"]
[White "Sahin, Cat F11: Loran"]
[Black "Ucar, Milan"]
[Result "1-0"]
[WhiteElo "733"]
[BlackElo "354"]
[PlyCount "77"]
[EventDate "2014.??.??"]
[WhiteClock "0:13:26"]
[BlackClock "0:11:07"]

1. d4 Nc6 2. Nf3 d6 3. Bf4 Bg4 4. Nc3 Bxf3 5. exf3 e5 6. dxe5 dxe5 7. Qxd8+
Rxd8 8. Be3 Nb4 9. Rc1 Ne7 10. g3 Nec6 11. a3 Nd5 12. Nxd5 Rxd5 13. Bg2 Be7 14.
O-O O-O 15. f4 Rb5 16. Bxc6 bxc6 17. b4 exf4 18. Bxf4 g5 19. Bxc7 f6 20. f4 Rb7
21. Ba5 c5 22. fxg5 fxg5 23. Rxf8+ Bxf8 24. Kg2 Bd6 25. Rd1 Bc7 26. Rd7 Kf8 27.
Rxc7 Rb8 28. Rxc5 Re8 29. Rf5+ Kg7 30. Kf3 g4+ 31. Kxg4 Kg6 32. Rg5+ Kf6 33.
Rc5 Re4+ 34. Kf3 Re1 35. Bd8+ Ke6 36. Rc6+ Kd5 37. Rc5+ Kd4 38. Bf6+ Re5 39.
Bxe5# 1-0

[Event "Nationale Pupillendag 2014"]
[Site "Roosendaal"]
[Date "2014.06.21"]
[Round "1.12"]
[White "Van der Knaap, Cat F12: Daniël"]
[Black "Bleeker, Kasper"]
[Result "0-1"]
[WhiteElo "350"]
[BlackElo "720"]
[PlyCount "70"]
[EventDate "2014.??.??"]
[WhiteClock "0:16:52"]
[BlackClock "0:17:02"]

1. e4 e5 2. Nf3 Nc6 3. Nc3 Nf6 4. Bc4 Bc5 5. Ng5 O-O 6. O-O h6 7. d3 hxg5 8.
Bxg5 Be7 9. Bxf6 Bxf6 10. Qf3 Nd4 11. Qg4 d5 12. exd5 Bxg4 13. f3 Bh5 14. g4
Nxc2 15. Rac1 Ne3 16. Rfe1 Nxg4 17. fxg4 Bxg4 18. Re4 Bg5 19. Rce1 Bf5 20. Rxe5
Qf6 21. d6 Bf4 22. Re7 Qxd6 23. R7e2 Qg6+ 24. Rg2 Qb6+ 25. Kf1 Bh3 26. Re4
Bxg2+ 27. Kxg2 Qxb2+ 28. Kf3 Qxc3 29. Rxf4 Qe5 30. Re4 Qxh2 31. a4 a6 32. Kg4
b5 33. axb5 axb5 34. Bxb5 f5+ 35. Kg5 Qh6# 0-1

[Event "Nationale Pupillendag 2014"]
[Site "Roosendaal"]
[Date "2014.06.21"]
[Round "1.13"]
[White "Tjong tjin Joe, Cat G01: Wesley"]
[Black "Kudlicka, Nathan"]
[Result "1-0"]
[WhiteElo "735"]
[BlackElo "294"]
[PlyCount "107"]
[EventDate "2014.??.??"]
[WhiteClock "0:12:49"]
[BlackClock "0:15:47"]

1. e4 e5 2. Nf3 Nc6 3. Bc4 h6 4. d4 Nf6 5. dxe5 Nxe4 6. Qe2 Nb4 7. Qxe4 d5 8.
Bxd5 Nxd5 9. O-O g6 10. Qd4 c6 11. e6 fxe6 12. Qxh8 Nf4 13. Bxf4 g5 14. Be5 g4
15. Nh4 Qxh4 16. Bg7 g3 17. Qxf8+ Kd7 18. Qf7+ Kd6 19. h3 gxf2+ 20. Rxf2 Qd4
21. Bxd4 b5 22. Rf6 Rb8 23. Qxe6+ Bxe6 24. Bxa7 Rb7 25. Bc5+ Kxc5 26. Rxe6 h5
27. Rh6 Rd7 28. Rxh5+ Kb6 29. Nc3 b4 30. Na4+ Kc7 31. Nc5 Re7 32. Kf1 Rf7+ 33.
Kg1 Kb6 34. Rf1 Ra7 35. a4 Ra5 36. Nd7+ Ka6 37. Rxa5+ Kxa5 38. g4 Kxa4 39. g5
b3 40. g6 bxc2 41. g7 Kb3 42. g8=Q+ Kxb2 43. Rf2 Kb1 44. Qa2+ Kxa2 45. Rxc2+
Kb3 46. Rxc6 Kb4 47. Kf2 Kb5 48. Rc1 Kb4 49. Ke3 Kb5 50. Kd4 Kb4 51. Rb1+ Ka5
52. Kc4 Ka6 53. Kc5 Ka5 54. Ra1# 1-0

[Event "Nationale Pupillendag 2014"]
[Site "Roosendaal"]
[Date "2014.06.21"]
[Round "1.14"]
[White "Lindenaar, Cat G02: Micha"]
[Black "Adema, Wessel"]
[Result "1-0"]
[WhiteElo "285"]
[BlackElo "727"]
[PlyCount "117"]
[EventDate "2014.??.??"]
[WhiteClock "0:14:14"]
[BlackClock "0:12:55"]

1. e4 e5 2. Nf3 Nc6 3. d4 d6 4. Nc3 Nf6 5. Bb5 Bd7 6. Bxc6 Bxc6 7. dxe5 dxe5 8.
Nxe5 Qxd1+ 9. Nxd1 Bxe4 10. O-O Bxc2 11. Ne3 Be4 12. N3g4 Nxg4 13. Nxg4 Bb4 14.
a3 Bd6 15. Re1 f5 16. Ne3 O-O-O 17. Nc4 Bd5 18. Nxd6+ Rxd6 19. Bf4 Rg6 20. Rec1
Rxg2+ 21. Kf1 Rxh2 22. Bxh2 Bf3 23. Rxc7+ Kd8 24. Rxb7 Bxb7 25. Rd1+ Ke7 26.
Bd6+ Ke6 27. Bc5 Bf3 28. Rd6+ Ke5 29. Rd3 Bb7 30. Rd7 Bf3 31. Rxa7 Rd8 32. Bb4
Rd7 33. Rxd7 Bc6 34. Re7+ Kf6 35. Ra7 Kg5 36. a4 h5 37. Ra6 Bb7 38. Rb6 Bf3 39.
Be7+ Kg4 40. Rb4+ f4 41. Bd6 h4 42. Rxf4+ Kg5 43. Rxf3 Kg4 44. Rf4+ Kg5 45. a5
h3 46. Rd4 h2 47. Bxh2 Kf5 48. Rd5+ Ke6 49. Re5+ Kd6 50. b4 Kc6 51. b5+ Kd6 52.
a6 g5 53. Rxg5+ Kd7 54. Rc5 Ke6 55. a7 Kd7 56. a8=Q Ke6 57. Qa6+ Kd7 58. Rc7+
Kd8 59. Qa8# {Ke8} 1-0

[Event "Nationale Pupillendag 2014"]
[Site "Roosendaal"]
[Date "2014.06.21"]
[Round "1.15"]
[White "Van der Hagen, Cat G03: Loek"]
[Black "Muntean, Felix"]
[Result "1/2-1/2"]
[WhiteElo "681"]
[BlackElo "244"]
[PlyCount "88"]
[EventDate "2014.??.??"]
[WhiteClock "0:14:42"]
[BlackClock "0:15:01"]

1. e4 e5 2. Nf3 Bc5 3. Bc4 Nf6 4. b4 Bb6 5. a4 Nxe4 6. a5 Nxf2 7. Kf1 Nxd1 8.
axb6 cxb6 9. Ke1 Qf6 10. Kxd1 e4 11. Ne1 Qxa1 12. Nc3 a6 13. Rf1 b5 14. Bxf7+
Ke7 15. Bb3 e3 16. d3 Qxc3 17. Rf7+ Kd6 18. Bxe3 Qxb4 19. Bf4+ Kc5 20. Rf5+ d5
21. Rxd5+ Kb6 22. Rd6+ Nc6 23. Be3+ Kc7 24. Rd5 Qg4+ 25. Kc1 a5 26. Rxb5 a4 27.
Bb6+ Kd7 28. Rd5+ Ke6 29. Rg5+ Kf6 30. Rxg4 Bxg4 31. h3 Be6 32. Bd4+ Nxd4 33.
Bxe6 Nxe6 34. Nf3 Nc5 35. d4 a3 36. Kb1 a2+ 37. Ka1 Rhe8 38. dxc5 Re3 39. Nd4
Re1+ 40. Kb2 a1=Q+ 41. Kb3 Qa4+ 42. Kc3 Re3+ 43. Kd2 Qxd4+ 44. Kc1 Ra1# 1/2-1/2

[Event "Nationale Pupillendag 2014"]
[Site "Roosendaal"]
[Date "2014.06.21"]
[Round "1.16"]
[White "Kooistra, Cat G04: Marthijn"]
[Black "Honkoop, Stella"]
[Result "0-1"]
[WhiteElo "236"]
[BlackElo "658"]
[PlyCount "50"]
[EventDate "2014.??.??"]
[WhiteClock "0:14:33"]
[BlackClock "0:17:46"]

1. e4 e5 2. Nf3 Nc6 3. Nc3 Nf6 4. Bc4 Bc5 5. O-O d6 6. Ng5 O-O 7. Bxf7+ Rxf7 8.
Nxf7 Kxf7 9. d3 Bg4 10. Qe1 Qd7 11. h3 Be6 12. Bg5 Qe7 13. Nb5 h6 14. Rd1 hxg5
15. g3 Bxh3 16. Kh1 Bxf1 17. Qxf1 a6 18. Nc3 Qf8 19. Nd5 Nxd5 20. exd5 Qh8+ 21.
Kg1 Nd4 22. Kg2 g4 23. c3 Nf3 24. Qe2 Qh2+ 25. Kf1 Qg1# 0-1

[Event "Nationale Pupillendag 2014"]
[Site "Roosendaal"]
[Date "2014.06.21"]
[Round "1.17"]
[White "Zubair, Cat G05: Muhammad S"]
[Black "Dusebout, Marnix"]
[Result "1-0"]
[WhiteElo "616"]
[BlackElo "228"]
[PlyCount "83"]
[EventDate "2014.??.??"]
[WhiteClock "0:17:57"]
[BlackClock "0:14:35"]

1. d4 d5 2. Nc3 Nf6 3. Bf4 Nc6 4. Nb5 e6 5. Nxc7+ Ke7 6. Nxa8 Ke8 7. Nc7+ Kd7
8. Nb5 Bb4+ 9. Nc3 Bxc3+ 10. bxc3 Nh5 11. Qd2 Nxf4 12. Qxf4 Qf6 13. Qxf6 gxf6
14. e3 f5 15. Nf3 b6 16. Ne5+ Nxe5 17. dxe5 Bb7 18. Bb5+ Bc6 19. Bxc6+ Kxc6 20.
Kd2 Kd7 21. Kd3 Rc8 22. Rhg1 b5 23. g4 fxg4 24. Rxg4 Rc4 25. Rxc4 dxc4+ 26. Kd4
f5 27. exf6 Ke8 28. Ke5 Kf7 29. Rb1 a6 30. a4 bxa4 31. Rb7+ Kg6 32. Ra7 a5 33.
Rxa5 a3 34. Rxa3 h6 35. Kxe6 Kh7 36. f7 Kg7 37. Ke7 Kg6 38. f8=Q Kh5 39. Ra5+
Kg6 40. Qf6+ Kh7 41. Kf7 h5 42. Qg7# 1-0

[Event "Nationale Pupillendag 2014"]
[Site "Roosendaal"]
[Date "2014.06.21"]
[Round "1.18"]
[White "Hematyar, Cat G06: Parisa"]
[Black "Harchaoui, Amin"]
[Result "0-1"]
[WhiteElo "188"]
[BlackElo "539"]
[PlyCount "90"]
[EventDate "2014.??.??"]
[WhiteClock "0:14:37"]
[BlackClock "0:14:15"]

1. e4 e5 2. Nf3 Nc6 3. Bc4 Nf6 4. Nc3 d6 5. h3 Be7 6. d3 h6 7. O-O O-O 8. Be3
Bd7 9. Nd5 Nxd5 10. exd5 Nb4 11. Qe1 a5 12. a3 Nxc2 13. Qc1 Nxa1 14. Qxa1 e4
15. dxe4 Bh4 16. Nxh4 Qxh4 17. g3 Qxe4 18. Qb1 Qxc4 19. Rc1 Qa6 20. Rxc7 Bxh3
21. Rd7 Bxd7 22. Qf1 Qxf1+ 23. Kxf1 Bh3+ 24. Ke2 Rae8 25. b3 b5 26. a4 bxa4 27.
bxa4 Rb8 28. f3 Rb2+ 29. Bd2 Re8+ 30. Kd1 Bf1 31. f4 Re2 32. Bc1 Rb4 33. g4
Rd4+ 34. Bd2 Rexd2+ 35. Ke1 Rd1+ 36. Kf2 Rxf4+ 37. Kg1 h5 38. Kh1 Bc4+ 39. Kh2
Rd2+ 40. Kh3 Rd3+ 41. Kh4 Rd1 42. Kxh5 f6 43. Kh4 g5+ 44. Kh5 Rh1+ 45. Kg6 Bd3#
0-1

[Event "Nationale Pupillendag 2014"]
[Site "Roosendaal"]
[Date "2014.06.21"]
[Round "1.19"]
[White "Bruggink, Cat G07: Lyne"]
[Black "Sonneveld, Jette"]
[Result "1-0"]
[WhiteElo "531"]
[BlackElo "188"]
[PlyCount "51"]
[EventDate "2014.??.??"]
[WhiteClock "0:16:21"]
[BlackClock "0:13:43"]

1. e4 e5 2. Nf3 f6 3. Bc4 Bc5 4. Nc3 Nc6 5. d3 Nge7 6. Bd2 Kf8 7. Nh4 Na5 8.
Qh5 Qe8 9. Nb5 Qxh5 10. g3 Ng6 11. Nxg6+ Qxg6 12. Bxa5 d6 13. Nxc7 Bg4 14. Nxa8
b6 15. Bc3 Qh5 16. b4 Bd1 17. Rxd1 Qf3 18. Rf1 Qg2 19. bxc5 bxc5 20. Nc7 Ke7
21. Nd5+ Kd7 22. Bb5+ Kc8 23. Ne7+ Kb8 24. Rb1 Re8 25. Bxe8+ Ka8 26. Bc6# 1-0

[Event "Nationale Pupillendag 2014"]
[Site "Roosendaal"]
[Date "2014.06.21"]
[Round "1.20"]
[White "Van Hagen, Cat G08: Fabiënne"]
[Black "Molanus, Florian"]
[Result "0-1"]
[WhiteElo "160"]
[BlackElo "530"]
[PlyCount "68"]
[EventDate "2014.??.??"]
[WhiteClock "0:16:15"]
[BlackClock "0:14:11"]

1. e4 e5 2. Nf3 Nc6 3. Bc4 Bc5 4. d3 Nf6 5. Ng5 d5 6. exd5 Nxd5 7. Bxd5 Qxd5 8.
Nc3 Qxg2 9. Rf1 Bh3 10. Nxh3 Qxh3 11. Bg5 O-O 12. Nd5 Rae8 13. Nxc7 Rc8 14. Nd5
Qxh2 15. Qg4 Rce8 16. Qf5 Nd4 17. Qd7 Nxc2+ 18. Ke2 Nxa1 19. Rxa1 Qxf2+ 20. Kd1
Qf3+ 21. Kd2 Qg2+ 22. Kc3 Qxg5 23. Rh1 Bd4+ 24. Kc4 Rc8+ 25. Kb5 a6+ 26. Kb4
Qd2+ 27. Ka3 Qxb2+ 28. Ka4 Qxa2+ 29. Kb4 Rcd8 30. Qf5 h6 31. Ne7+ Kh8 32. Rg1
a5+ 33. Kb5 Qb3+ 34. Kxa5 Ra8# 0-1

[Event "Nationale Pupillendag 2014"]
[Site "Roosendaal"]
[Date "2014.06.21"]
[Round "1.21"]
[White "Hilwerda, Cat H01: Sander"]
[Black "Van Foreest, Machteld"]
[Result "0-1"]
[WhiteElo "100"]
[BlackElo "874"]
[PlyCount "44"]
[EventDate "2014.??.??"]
[WhiteClock "0:16:07"]
[BlackClock "0:17:31"]

1. e4 e5 2. f4 exf4 3. Bc4 Nf6 4. d3 d6 5. Nf3 Be7 6. Bxf4 O-O 7. O-O Nc6 8.
Nc3 Bg4 9. h3 Bh5 10. Nh4 Bxd1 11. Rfxd1 Nxe4 12. Nxe4 Bxh4 13. g3 Bf6 14.
Nxf6+ Qxf6 15. Rf1 Qxb2 16. Rf2 Qxa1+ 17. Rf1 Qd4+ 18. Rf2 Rfe8 19. Bd2 Re2 20.
Be3 Qxe3 21. d4 Qxf2+ 22. Kh1 Qg2# 0-1

[Event "Nationale Pupillendag 2014"]
[Site "Roosendaal"]
[Date "2014.06.21"]
[Round "1.22"]
[White "Han, Cat H02: Yichen"]
[Black "Sturm, Reinout"]
[Result "1-0"]
[WhiteElo "586"]
[BlackElo "100"]
[PlyCount "51"]
[EventDate "2014.??.??"]
[WhiteClock "0:18:53"]
[BlackClock "0:20:00"]

1. e4 e5 2. Nf3 Nc6 3. Bc4 Bc5 4. Nc3 Nf6 5. d3 O-O 6. Bg5 Bd4 7. Nd5 Bxb2 8.
Rb1 Nh5 9. Bxd8 Rxd8 10. Rxb2 Nf4 11. Nxf4 Na5 12. Bb3 d6 13. Ng5 h6 14. Nxf7
Re8 15. Nxd6+ Be6 16. Nxe8 Rxe8 17. Bxe6+ Rxe6 18. Nxe6 Nc6 19. Qg4 Kf7 20.
Rxb7 h5 21. Qf5+ Ke7 22. Rxc7+ Kd6 23. O-O a6 24. Rb1 a5 25. Rb6 g6 26. Rbxc6#
{Kd5} 1-0

[Event "Nationale Pupillendag 2014"]
[Site "Roosendaal"]
[Date "2014.06.21"]
[Round "2.1"]
[White "Kentstra, Cat F01: Thomas"]
[Black "Garceran Wang, Miguel Angel"]
[Result "0-1"]
[WhiteElo "707"]
[BlackElo "1168"]
[PlyCount "32"]
[EventDate "2014.??.??"]
[WhiteClock "0:11:45"]
[BlackClock "0:16:50"]

1. e4 d6 2. d4 Nf6 3. Nc3 e5 4. dxe5 dxe5 5. Qxd8+ Kxd8 6. Bg5 c6 7. Bxf6+ gxf6
8. O-O-O+ Ke8 9. Nf3 Be6 10. Be2 Nd7 11. Kb1 b5 12. Rd3 Nc5 13. Rdd1 b4 14. Nd5
cxd5 15. exd5 Bd7 16. b3 Bd6 0-1

[Event "Nationale Pupillendag 2014"]
[Site "Roosendaal"]
[Date "2014.06.21"]
[Round "2.2"]
[White "Kutchoukov, Cat F02: Daniel"]
[Black "Neisingh, Nils"]
[Result "1-0"]
[WhiteElo "1152"]
[BlackElo "678"]
[PlyCount "83"]
[EventDate "2014.??.??"]

1. e4 e5 2. Nf3 Nc6 3. d4 exd4 4. Nxd4 Bc5 5. Be3 Qf6 6. c3 d6 7. Bc4 Nge7 8.
O-O O-O 9. Nxc6 bxc6 10. Bxc5 dxc5 11. Nd2 Be6 12. Qb3 Rab8 13. Qc2 Bxc4 14.
Nxc4 Qe6 15. b3 f5 16. Rfe1 Ng6 17. Re2 Nf4 18. Re3 fxe4 19. Rxe4 Qf6 20. Rae1
Nd5 21. Ne5 a5 22. Nd7 Qxc3 23. Qxc3 Nxc3 24. R4e3 Rbe8 25. Nxf8 Rxe3 26. Rxe3
Nxa2 27. Ne6 Nc1 28. Nxc5 Kf7 29. Ne6 c5 30. Nxc7 Na2 31. Na6 a4 32. Nxc5 axb3
33. Nxb3 Nb4 34. g4 Nd5 35. Re5 h6 36. Rxd5 Ke6 37. Rd8 Kf6 38. Nd4 Kg5 39. h3
Kh4 40. Kg2 h5 41. Rh8 g6 42. Nf3# 1-0

[Event "Nationale Pupillendag 2014"]
[Site "Roosendaal"]
[Date "2014.06.21"]
[Round "2.3"]
[White "Piersma, Cat F03: Wisse"]
[Black "Pham, Khoi"]
[Result "0-1"]
[WhiteElo "684"]
[BlackElo "1054"]
[PlyCount "133"]
[EventDate "2014.??.??"]
[WhiteClock "0:00:21"]
[BlackClock "0:02:55"]

1. e4 e5 2. Nf3 Nc6 3. d4 exd4 4. Nxd4 Nf6 5. Nxc6 bxc6 6. Bg5 Bc5 7. e5 h6 8.
Bh4 g5 9. Bg3 Qe7 10. Be2 Nd5 11. O-O Bb7 12. Nc3 O-O-O 13. Nxd5 cxd5 14. Bf3
Qe6 15. Qd3 g4 16. Be2 d4 17. f3 Qc6 18. Bh4 Rdg8 19. Bf6 gxf3 20. Bxf3 Qb6 21.
Bxb7+ Qxb7 22. g3 h5 23. Bxh8 Rxh8 24. Rxf7 h4 25. Raf1 hxg3 26. hxg3 Rh1+ 27.
Kf2 Rh2+ 28. Ke1 Qxb2 29. Qa6+ Kd8 30. Qf6+ Kc8 31. Qa6+ Kd8 32. R7f2 Qc1+ 33.
Ke2 Qe3+ 34. Kd1 Rxf2 35. Rxf2 Qxf2 36. g4 Bb4 37. Qf6+ Qxf6 38. exf6 Ke8 39.
g5 Kf7 40. Ke2 Kg6 41. Kf3 Kxg5 42. f7 Kf6 43. f8=Q+ Bxf8 44. Ke4 Bc5 45. Kd5
Bb6 46. Kc4 Ke6 47. c3 dxc3 48. Kxc3 Kd5 49. Kb3 Kc5 50. Kc3 d6 51. Kb3 Kd4 52.
a4 Kd3 53. Kb4 d5 54. a5 Bxa5+ 55. Kxa5 Kc3 56. Kb5 d4 57. Kc5 d3 58. Kd5 d2
59. Ke4 d1=Q 60. Ke5 Qd4+ 61. Kf5 Qe3 62. Kf6 Qe4 63. Kg5 Qf3 64. Kg6 Qf4 65.
Kg7 Qf5 66. Kh6 Qg4 67. Kh7 0-1